000 00586nam a22001577a 4500
999 _c1549
_d1549
008 160405b xxu||||| |||| 00| 0 eng d
082 _22004
_aUT 0001
_bB63
100 _94802
_aBocado, Florelly.
245 _aTeaching performance of English 1A teachers and the language skills of first year students in UMDC/
_cFlorelly Bocado, Bebeth Caing and Terry Pabalate.
260 _aDigos City:
_bUMDC
_cOctober 2004.
300 _a41 pages;
_c27 cm.
650 0 _94805
_aEducation
_xUndergraduate thesis.
700 _94803
_aCaing, Bebeth.
700 _94804
_aPabalate, Terry.
942 _2ddc
_cUT